Spies without cloaks: the KGB's successors
| 1. VerfasserIn: | |
|---|---|
| Medienart: | Druck Buch |
| Sprache: | Englisch |
| Veröffentlicht: |
Princeton, NJ [u.a.]
Princeton Univ. Press
1996
|
| In: | Jahr: 1996 |
| Online-Zugang: |
Publisher description Table of contents |
| Bestand in Tübingen: | In Tübingen vorhanden. UB: KB 19 A 4596 |
| Verfügbarkeit prüfen: | HBZ Gateway |
| Subito Bestelldienst: | Jetzt bestellen. |
| Schlagwörter: |
MARC
| LEADER | 00000cam a2200000 c 4500 | ||
|---|---|---|---|
| 001 | 27987104X | ||
| 003 | DE-627 | ||
| 005 | 20251222214054.0 | ||
| 007 | tu | ||
| 008 | 960718s1996 xxu||||| 00| ||eng c | ||
| 010 | |a 95026281 | ||
| 020 | |a 0691025770 |9 0-691-02577-0 | ||
| 035 | |a (DE-627)27987104X | ||
| 035 | |a (DE-576)053213882 | ||
| 035 | |a (DE-599)GBV27987104X | ||
| 035 | |a (OCoLC)231694412 | ||
| 035 | |a (OCoLC)33443784 | ||
| 035 | |a (OCoLC)33443784 | ||
| 035 | |a (JUB)b11029523 | ||
| 040 | |a DE-627 |b ger |c DE-627 |e rakwb | ||
| 041 | |a eng | ||
| 044 | |c XD-US | ||
| 050 | 0 | |a HV8227.2.A3 | |
| 082 | 0 | |a 363.2/83/0947 | |
| 082 | 0 | |a 363.2830947 | |
| 084 | |a 3,6 |2 ssgn | ||
| 084 | |a 89.86 |2 bkl | ||
| 090 | |a a | ||
| 100 | 1 | |a Knight, Amy W. |d 1946- |0 (DE-588)170573052 |0 (DE-627)060681209 |0 (DE-576)164792694 |4 aut | |
| 109 | |a Knight, Amy W. 1946- |a Knight, Amy 1946- |a Knight, Amy Windle 1946- | ||
| 245 | 1 | 0 | |a Spies without cloaks |b the KGB's successors |c Amy Knight |
| 264 | 1 | |a Princeton, NJ [u.a.] |b Princeton Univ. Press |c 1996 | |
| 300 | |a 318 S. |b Kt | ||
| 336 | |a Text |b txt |2 rdacontent | ||
| 337 | |a ohne Hilfsmittel zu benutzen |b n |2 rdamedia | ||
| 338 | |a Band |b nc |2 rdacarrier | ||
| 500 | |a Includes bibliographical references (p. [255] - 300) and index | ||
| 583 | 1 | |a Archivierung/Langzeitarchivierung gewährleistet |f SLG |x XA-DE-BW |z BfZ |2 pdager |5 DE-24 | |
| 583 | 1 | |a Archivierung prüfen |c 20240324 |f DE-4165 |z 1 |2 pdager | |
| 650 | 0 | |a Secret Service |x Russia (Federation) | |
| 653 | 0 | |a Russia (Federation) / Ministerstvo bezopasnosti | |
| 689 | 0 | 0 | |d g |0 (DE-588)4076899-5 |0 (DE-627)104251980 |0 (DE-576)209203366 |a Russland |2 gnd |
| 689 | 0 | 1 | |d s |0 (DE-588)4019737-2 |0 (DE-627)106320548 |0 (DE-576)208930477 |a Geheimdienst |2 gnd |
| 689 | 0 | 2 | |a z |2 gnd |a Geschichte 1991-1996 |
| 689 | 0 | |5 (DE-627) | |
| 689 | 1 | 0 | |d g |0 (DE-588)4076899-5 |0 (DE-627)104251980 |0 (DE-576)209203366 |a Russland |2 gnd |
| 689 | 1 | 1 | |d s |0 (DE-588)4019737-2 |0 (DE-627)106320548 |0 (DE-576)208930477 |a Geheimdienst |2 gnd |
| 689 | 1 | 2 | |a z |2 gnd |a Geschichte 1991-1996 |
| 689 | 1 | |5 (DE-627) | |
| 856 | 4 | 2 | |u http://www.loc.gov/catdir/description/prin031/95026281.html |x Verlag |y Publisher description |7 1 |
| 856 | 4 | 2 | |u http://www.loc.gov/catdir/toc/prin031/95026281.html |x Verlag |y Table of contents |7 1 |
| 889 | |w (DE-627)190594276 | ||
| 935 | |i mdedup | ||
| 935 | |i Blocktest | ||
| 935 | |i sf | ||
| 936 | b | k | |a 89.86 |j Nachrichtendienste |j militärische Nachrichtendienste |0 (DE-627)106413619 |
| 951 | |a BO | ||
| ELC | |b 1 | ||
| LOK | |0 000 xxxxxcx a22 zn 4500 | ||
| LOK | |0 001 3131833440 | ||
| LOK | |0 003 DE-627 | ||
| LOK | |0 004 27987104X | ||
| LOK | |0 005 20000315000000 | ||
| LOK | |0 008 960718||||||||||||||||ger||||||| | ||
| LOK | |0 040 |a DE-21 |c DE-627 |d DE-21 | ||
| LOK | |0 852 |a DE-21 | ||
| LOK | |0 852 1 |c KB 19 A 4596 |9 00 | ||
| LOK | |0 935 |a krim | ||
| LOK | |0 936ln |a k4.5.2 | ||
| LOK | |0 939 |a 18-07-96 |b l01 | ||
| ORI | |a SA-MARC-krimdoka001.raw | ||
| SIG | |a UB: KB 19 A 4596 | ||
| TIM | |a 100019910101_100019961231 |b Geschichte 1991-1996 | ||
